00413cam a2200157ua 45000010005000000080039000050400009000440820008000531000028000612450052000892500009001412600039001503000017001896530014002066530035002201965110806n ii |||gr||||Z||||||eng cMAIN a370 aBhatia, K. K.,eAuthor.1 aFinal year course in educationcby K. K. Bhatia a1st. aLudhiana:bKalyani publishers,995. a186p:c23cm. aEducation aFinal year course in education